Statistics for San Antonio Spurs 20 Points Per Game Players

Click here to take the quiz!

General Stats

  • This quiz has been taken 18 times
  • The average score is 8 of 16

Answer Stats

# Players Last % Correct
8Tim Duncan2005
100%
2LaMarcus Aldridge2019
100%
2Tony Parker2013
100%
11George Gervin1985
94%
8David Robinson1998
94%
2Kawhi Leonard2017
94%
1DeMar DeRozan2019
88%
1Terry Cummings1990
24%
4Mike Mitchell1986
18%
1James Silas1976
18%
1Rich Jones1973
18%
4Larry Kenon1980
12%
1Cincinnatus Powell1970
6%
2Donnie Freeman1972
0%
2Glen Combs1971
0%
1Ron Boone1971
0%

Score Distribution

Percentile by Number Answered

Percent of People with Each Score

Your Score History

You have not taken this quiz